Countries with Relatively Long Capital City Names - Statistics

General Stats
  • This quiz has been taken 61 times
  • The average score is 7 of 17
Answer Stats
Country Ratio Capital City % Correct
Sri Lanka 2.88 Sri Jayawardenepura Kotte
74%
Brunei 2.84 Bandar Seri Begawan
63%
Chad 2.00 N'Djamena
54%
Haiti 2.80 Port-au-Prince
54%
Laos 2.25 Vientiane
54%
Nepal 1.80 Kathmandu
46%
Iraq 1.75 Baghdad
43%
Tonga 1.80 Nuku'alofa
41%
Andorra 2.00 Andorra la Vella
37%
Mexico 1.67 Mexico City
37%
Gabon 2.00 Libreville
35%
Palau 1.80 Ngerulmud
33%
Benin 2.00 Porto-Novo
30%
Panama 1.67 Panama City
30%
Guyana 1.67 Georgetown
24%
Kuwait 1.67 Kuwait City
22%
Grenada 1.71 Saint George's
17%
No matching quizzes found
Score Distribution
Percent of People with Each Score
Percentile by Number Answered
Your Score History
You have not taken this quiz